| 000 | 00384nam a2200145 a 4500 | ||
|---|---|---|---|
| 005 | 20140412111222.0 | ||
| 008 | 091208s19uu xx 00 eng d | ||
| 020 | _a0-07-570201-0 | ||
| 050 |
_aTR(GS 372.6 _bC73 2002 |
||
| 245 | _aComprehension and Language skills. | ||
| 260 |
_aOhio : _bMcGrawhill, _c2002. |
||
| 300 | _a189p. | ||
| 440 | _aSRA Open Court reading | ||
| 999 |
_c101956 _d101956 |
||